City of angels (1998) : shooting script /

Bibliographic Details
Main Author: Wenders, Wim
Other Authors: Handke, Peter, Reitinger, Richard, Stevens, Dana, 1963-
Format: eBook
Language:English
Published: Alexandria, VA : Alexander Street Press, 2003.
Edition:[1st electronic ed.].
Series:American film scripts online.
Subjects:
Online Access:Connect to the full text of this electronic book

MARC

Tag First Indicator Second Indicator Subfields
LEADER 00000cam a22000003i 4500
001 in00002521981
005 20190327174415.0
006 m | d |
007 cr |n|---||||a
008 061024s2003 vau |s ||||||| ||eng|d
035 |a (VaAlASP)ASPFS0000552/afso 
040 |a VaAlASP  |d UtOrBLW 
100 1 |a Wenders, Wim. 
245 1 0 |a City of angels (1998) :  |b shooting script /  |c screenplay by Wim Wenders, Peter Handke, Richard Reitinger, and Dana Stevens. 
250 |a [1st electronic ed.]. 
264 1 |a Alexandria, VA :  |b Alexander Street Press,  |c 2003. 
336 |a text  |b txt  |2 rdacontent 
337 |a computer  |b c  |2 rdamedia 
338 |a online resource  |b cr  |2 rdacarrier 
490 1 |a American film scripts online 
500 |a Title from HTML title page (viewed December 10, 2006). 
506 |a Access restricted to subscribers. 
538 |a Mode of access: World Wide Web. 
500 |a Electronic resource. 
655 0 |a Electronic books. 
655 0 |a Motion picture plays. 
700 1 |a Handke, Peter. 
700 1 |a Reitinger, Richard. 
700 1 |a Stevens, Dana,  |d 1963- 
830 0 |a American film scripts online. 
856 4 0 |u http://proxy.library.tamu.edu/login?url=http://www.aspresolver.com/aspresolver.asp?AFSO;FS000552  |z Connect to the full text of this electronic book  |t 0 
999 |a MARS 
999 f f |s 4eeb0f2a-d2d4-32cc-9a51-d8d1f3023363  |i f1016452-9483-3050-997b-5f67ae8da717  |t 0 
952 f f |a Texas A&M University  |b College Station  |c Electronic Resources  |d Available Online  |t 0  |h No information provided 
998 f f |t 0  |l Available Online